00481nam a2200109Ia 4500008004100000050003000041100002200071245013400093260008600227300002800313521003000341140724s9999 xx 000 0 und d aHF 5549.9.R44b.L795 2009 aLo, Peter John L. aEffectiveness of employees hired through walk-in recruitment and placement practice at selected institutions /cPeter John L. Lo. aLas Piñas, Philippines :bSouthville International School and Colleges,cc2009. a47 p. :bill. ;c28 cm. aHuman Resource Management